Blanche du l'ouble
Spremljeno u:
| Glavni autor: | |
|---|---|
| Format: | Knjiga |
| Jezik: | Undetermined |
| Izdano: |
París, Francia
Gallimard
1967
|
| Teme: | |
| Oznake: |
Dodaj oznaku
Bez oznaka, Budi prvi tko označuje ovaj zapis!
|
MARC
| LEADER | 00000nam a2200000Ia 4500 | ||
|---|---|---|---|
| 008 | 170316s9999 xx 000 0 und d | ||
| 040 | |a cru BVZT | ||
| 090 | |a 840 A-6b | ||
| 100 | |a Aragón | ||
| 245 | |a Blanche du l'ouble | ||
| 260 | |a París, Francia | ||
| 260 | |b Gallimard | ||
| 260 | |c 1967 | ||
| 300 | |a 470 páginas | ||
| 650 | |a LITERATURA FRANCESA | ||
| 999 | |c 7482 |d 7482 | ||
| 942 | |c 15 D |h 840 A-6b |2 z | ||
